আসহাবে রাসূলের জীবনকথা / (Record no. 10629)
[ view plain ]
| 000 -LEADER | |
|---|---|
| fixed length control field | 00849nam a2200241 a 4500 |
| 001 - CONTROL NUMBER | |
| JCCL Control Number | 10629 |
| 003 - CONTROL NUMBER IDENTIFIER | |
| JCCL marc code | BD-JhCC |
| 005 - DATE AND TIME OF LATEST TRANSACTION | |
| control field | 20211111134021.0 |
| 008 - FIXED-LENGTH DATA ELEMENTS--GENERAL INFORMATION | |
| fixed length control field | 180730s2018 bg |||| |||| 000 0 ben d |
| 020 ## - INTERNATIONAL STANDARD BOOK NUMBER | |
| International Standard Book Number | 9843107071 |
| 035 ## - SYSTEM CONTROL NUMBER | |
| system control number | (BD-JhCC)10629 |
| 040 ## - CATALOGING SOURCE | |
| Original cataloging agency | BD-JhCC |
| Modifying agency | BD-JhCC |
| 041 ## - LANGUAGE CODE | |
| Language code of Book | Ben |
| 082 ## - DEWEY DECIMAL CLASSIFICATION NUMBER | |
| Classification number | 297.63 |
| Author mark and Year | MAB 2018 |
| 100 ## - MAIN ENTRY--PERSONAL NAME | |
| Personal name | মাবুদ, ড. মুহাম্মদ আবদুল. |
| 245 ## - TITLE STATEMENT | |
| Title | আসহাবে রাসূলের জীবনকথা / |
| Statement of responsibility, etc | ড. মুহাম্মদ আবদুল মাবুদ, |
| 260 ## - PUBLICATION, DISTRIBUTION, ETC. (IMPRINT) | |
| Place of publication, distribution, etc | ঢাকা : |
| Name of publisher, distributor, etc | বাংলাদেশ ইসলামিক সেন্টার, |
| Date of publication, distribution, etc | ২০১৮. |
| 300 ## - PHYSICAL DESCRIPTION | |
| Pagination | ১-৬ খন্ড : |
| Dimensions | ২৫ সেমি. |
| 504 ## - BIBLIOGRAPHY, ETC. NOTE | |
| Bibliography, etc | Includes bibliography |
| 600 ## - SUBJECT ADDED ENTRY--PERSONAL NAME | |
| Personal name | Prohpet Mohammad |
| 650 ## - SUBJECT ADDED ENTRY--TOPICAL TERM | |
| Topical term or geographic name as entry element | Biography |
| 942 ## - ADDED ENTRY ELEMENTS (KOHA) | |
| Source of classification or shelving scheme | Dewey Decimal Classification |
| Koha item type | Books |
| Koha issues (borrowed), all copies | 20 |
| Source of classification or shelving scheme | volume number | Damaged status | Not for loan | Home library | Current library | Shelving location | Date of accession | Cost, normal purchase price | Total Checkouts | Full call number | Barcode | Date last seen | Date checked out | Copy number | Koha item type |
|---|---|---|---|---|---|---|---|---|---|---|---|---|---|---|---|
| Dewey Decimal Classification | V-1 | JCC Rouf Library | JCC Rouf Library | General Stacks | 07/30/2018 | 190.00 | 5 | 297.63 MAB 2018 | 14254 | 01/19/2025 | 11/20/2024 | C-1 | Books | ||
| Dewey Decimal Classification | V-2 | JCC Rouf Library | JCC Rouf Library | General Stacks | 07/30/2018 | 200.00 | 2 | 297.63 MAB 2018 | 14255 | 06/17/2023 | 04/25/2019 | C-2 | Books | ||
| Dewey Decimal Classification | V-3 | JCC Rouf Library | JCC Rouf Library | General Stacks | 07/30/2018 | 180.00 | 4 | 297.63 MAB 2018 | 14256 | 05/29/2024 | 05/27/2024 | C-3 | Books | ||
| Dewey Decimal Classification | V-4 | JCC Rouf Library | JCC Rouf Library | General Stacks | 07/30/2018 | 190.00 | 1 | 297.63 MAB 2018 | 14257 | 10/07/2021 | 09/29/2021 | C-4 | Books | ||
| Dewey Decimal Classification | V-5 | JCC Rouf Library | JCC Rouf Library | General Stacks | 07/30/2018 | 190.00 | 3 | 297.63 MAB 2018 | 14258 | 01/30/2023 | 04/05/2020 | C-5 | Books | ||
| Dewey Decimal Classification | V-6 | JCC Rouf Library | JCC Rouf Library | General Stacks | 07/30/2018 | 220.00 | 2 | 297.63 MAB 2018 | 14259 | 06/19/2022 | 10/17/2021 | C-6 | Books |